Pakistan divided (Record no. 69540)

000 -LEADER
fixed length control field 00602nam a22002177a 4500
003 - CONTROL NUMBER IDENTIFIER
control field NUST-PNEC
005 - DATE AND TIME OF LATEST TRANSACTION
control field 20170116181120.0
008 - FIXED-LENGTH DATA ELEMENTS--GENERAL INFORMATION
fixed length control field 150210b xxu||||| |||| 00| 0 eng d
020 ## - INTERNATIONAL STANDARD BOOK NUMBER
International Standard Book Number -
040 ## - CATALOGING SOURCE
Transcribing agency LIBRARY
082 ## - DEWEY DECIMAL CLASSIFICATION NUMBER
Classification number 954.91 SAF
100 ## - MAIN ENTRY--PERSONAL NAME
9 (RLIN) 1323
Personal name Safdar Mahmood
245 ## - TITLE STATEMENT
Title Pakistan divided
Statement of responsibility, etc. Safdar Mahmood
250 ## - EDITION STATEMENT
Edition statement -
260 ## - PUBLICATION, DISTRIBUTION, ETC.
Date of publication, distribution, etc. c.1984
300 ## - PHYSICAL DESCRIPTION
Extent 440
500 ## - GENERAL NOTE
General note -
650 ## - SUBJECT ADDED ENTRY--TOPICAL TERM
Source of heading or term History
856 ## - ELECTRONIC LOCATION AND ACCESS
Uniform Resource Identifier <a href="http://www.amazon.com/Pakistan-Political-Roots-Development-1947-1999/dp/0195798066/ref=sr_1_1?ie=UTF8&qid=1423552708&sr=8-1&keywords=0195798066">http://www.amazon.com/Pakistan-Political-Roots-Development-1947-1999/dp/0195798066/ref=sr_1_1?ie=UTF8&qid=1423552708&sr=8-1&keywords=0195798066</a>
942 ## - ADDED ENTRY ELEMENTS (KOHA)
Source of classification or shelving scheme
Koha item type Book
Holdings
Withdrawn status Lost status Source of classification or shelving scheme Damaged status Not for loan Permanent Location Current Location Shelving location Date acquired Total Checkouts Full call number Barcode Date last seen Price effective from Koha item type
          Pakistan Navy Engineering College (PNEC) Pakistan Navy Engineering College (PNEC)       954.91 SAF PNECLIB-016187 10/04/2015 10/04/2015 Book
© 2023 Central Library, National University of Sciences and Technology. All Rights Reserved.